000 00348nam a2200157Ia 4500
008 230711s9999||||xx |||||||||||||| ||und||
041 _aENG
082 _a720
_bBH-L
100 _aBhatia,Gautam
245 0 _aLaurie baker
250 _a1st Ed.
260 _c1991
_aNew Delhi
_bPenguin Books
300 _a313
650 _aLiterature
942 _cBK
999 _c4652
_d4652